000 01188nam a22002297a 4500
999 _c61082
_d61082
003 Ge_BSU
005 20231215093036.0
008 231215s2015 ge ||||| |||| 00| 0 geo d
020 _a9789941453144
041 _ageo
080 _a55+631.4(073) ა-30
100 _aავალიშვილი, ნინო
_920749
245 _aგეოლოგია ნიადაგმცოდნეობის საფუძვლებით :
_bდამხმარე სახ-ლო აგრარული ფაკ-ს სტუდ. /
_cნინო ავალიშვილი; რედ. ნუნუ ჩაჩხიანი. აწსუ. აგრონომიულ მეცნიერებათა დეპარტამენტი.
264 _aქუთაისი:
_bაწსუ.,
_c2015.
300 _a253 გვ.:
_bილ. ;
_c21 სმ.
653 _aგეოლოგია
653 _aმინერალები
653 _aმიწისძვრები
653 _aსანაკეთო ქვები
700 _aჩაჩხიანი, ნუნუ
_eრედაქტორი
_920750
942 _2udc
_cᲬᲘᲒᲜᲘ